000 00359 a2200157 4500
001 149071
040 _cEscola São Tomás de Aquino
100 _aBANDEIRA, Pedro
240 1 0 _aCavalgando o arco-íris
_lpor
245 1 0 _aCavalgando o arco-íris
300 _a60
362 0 _a1989
440 1 _aModerna
697 _a*LITERATURA INFANTO
942 _cBK
999 _c149071
_d149071